| 000 | 00405nam a22001577a 4500 | ||
|---|---|---|---|
| 005 | 20241028151100.0 | ||
| 008 | 241028b |||||||| |||| 00| 0 eng d | ||
| 020 | _a0385308507 | ||
| 050 | _aPS3511.D3956B75 1993 | ||
| 100 | _aADAMSON YVONNE | ||
| 245 | _aBRIDEY'S MOUNTAIN | ||
| 260 |
_aNEWYORK _bDELACORTE PRESS _c1993 |
||
| 300 | _aX,613 | ||
| 650 | _aTelluride (Colo.)--Fiction. | ||
| 942 |
_2lcc _cBK |
||
| 999 |
_c213479 _d213479 |
||